01306nam a2200253 a 450000100100000000500170001000800410002704000130006808200170008110000370009824500640013526000460019930000270024550000600027250400530033265000220038504900090040795201290041695201290054595201290067495201140080395201200091799900150103700000876420260213105849.0090918s1999 dr a 001 0 spa d aDO-SdBNP a659.1bC957i1 aCruz Sánchez, Filiberto91311210aIntroducción a la publicidad /cFiliberto Cruz Sánchez. aSanto Domingo, :bEl Nuevo Diario,c1999. a151 p. :bil ;c22 cm. aIncluye datos biográficos en la solapa de la cubierta aIncluye referencias bibliográfica [p. 149-151] 0aPublisidad913236 aBNPD 001054708DSaGRbGRcCTd2009-09-18iLF1l0o659.1 C957ip8764-30r2020-06-25te. 5w2020-06-25yLFDSZPréstamo en sala 001054708DSaGRbGRcCTd2009-09-18iLF1l0o659.1 C957ip8764-40r2020-06-25te. 4w2020-06-25yLFDSZPréstamo en sala 001054708DSaGRbGRcCTd2009-09-18iLF1l0o659.1 C957ip8764-50r2020-06-25te. 3w2020-06-25yLFDSZPréstamo en sala 0010718PDaPDbPDcCTd2009-09-18iLF1l0o659.1 C957ip8764-10r2020-06-25w2020-06-25yLFPDZNo se presta 0010718PDaPDbPDcCTd2009-09-18iLF1l0o659.1 C957ip8764-20r2020-06-25te. 2w2020-06-25yLFPDZNo se presta c8533d8533